000 01572nam a22003977a 4500
003 CHAP
005 20220329140303.0
008 971013s1979 r 00010 d
010 _a49795
011 _a50767
035 _a54917
040 _cCHAP
090 _aTesis
100 0 0 _aVillanueva Polanco, Pedro Teodomiro.
_9119513
245 _aEfectos de diferentes dosis de irradiaciones gamma Co60 sobre caracteres en plántulas y plnatas originadas de semillas secas y prehumedecidas en ajonjolí (Sesamum indicum L.) y girasol (Helianthus annuus l.)
260 _a(Monterrey, N.L.) :
_bEl autor,
_c1979
300 _a133 h.
_b: ilus. ; gráfs.
502 _aTesis (M.C. Esp. en Fitomejoramiento) -- ITESM. División de Ciencias Agropecuarias y Marítimas. Programa de Graduados
590 _aALEPH
_b10
_c20130110
_lUCH01
_h1322
590 _aBATCH-UPD
_b10
_c20130110
_lUCH01
_h0209
590 _aBATCH-UPD
_b10
_c20130110
_lUCH01
_h2028
590 _aBATCH-UPD
_b10
_c20130409
_lUCH01
_h2223
590 _aBATCH-UPD
_b10
_c20130410
_lUCH01
_h1346
590 _aBATCH-UPD
_b10
_c20130913
_lUCH01
_h2334
590 _aCONVERSION
_b10
_c20130109
_lUCH01
_h1327
650 1 4 _aAjonjolí
_xGenetica.
_93236
650 1 4 _aAjonjolí
_xSemilla.
_93251
650 1 4 _aGirasol
_xGenética.
_948149
650 1 4 _aGirasol
_xSemilla.
_948175
650 1 4 _aRadiación
_xEfecto en plantas.
_993674
650 1 4 _aRayos gamma
_xEfectos fisiológicos.
_994860
901 _aBK
942 _cFOLL
949 _bBC
_cTES
_d-120864
_eTS1
_i54917
_si
949 _bBC
_cTES
_d-120865
_eTS2
_fc.2
_i54917
_si
999 _c49795
_d49795